000 00505nam a22001457a 4500
003 macl
005 20180407140049.0
008 180407b xxu||||| |||| 00| 0 eng d
040 _cmacl
100 _aतेजपालसिंह धामा
_971758
245 _aनरेन्‍द्र मोदी बहुआयामी व्‍यक्तित्‍व
260 _aदिल्‍ली
_bअनिल प्रकाशन
_c2016
650 _aजीवनी
_97943
942 _2ddc
_cHIN
999 _c57519
_d57519